Statystyki dla Trasa Warszawskiej linii autobusowej 303

Kliknij tutaj aby rozwiązać quiz!

Ogólne statystyki

  • Ten quiz został rozwiązany 6 razy
  • Średni wynik to 9 z 31

Statystyki odpowiedzi

DzielnicaPrzystanek% Poprawnych
BielanyBielany-Ratusz
100%
BielanyPerzyńskiego
100%
BielanyPrzybyszewskiego
100%
BielanyCmentarz Północny-Brama Główna
33%
BielanyCmentarz Północny-Brama Główna
33%
BielanyCmentarz Północny-Brama Północna
33%
BielanyCmentarz Włoski
33%
ŻoliborzKsiędza Popiełuszki
33%
BielanyMetro Wawrzyszew
33%
BielanyMetro Wawrzyszew
33%
BielanyMuzealna
33%
Bielany / ŻoliborzPark Olszyna
33%
ŻoliborzPlac Wilsona
33%
ŻoliborzPlac Wilsona
33%
BielanyProzy
33%
BielanyPrzy Agorze
33%
ŻoliborzSady Żoliborskie
33%
BielanySchroegera
33%
ŻoliborzSuzina
33%
ŻoliborzWłościańska
33%
BielanyWrzeciono
33%
BielanyŻubrowa-UKSW
33%
BielanyAndersena
0%
BielanyAnny Jagiellonki
0%
BielanyDankowicka
0%
BielanyDzierżoniowska
0%
BielanyMagiera
0%
BielanyRomaszewskiego
0%
BielanyRudnickiego
0%
BielanySokratesa
0%
BielanyTułowicka
0%

Rozkład punktacji

Percentyl według liczby udzielonych odpowiedzi

Procent ludzi z każdym wynikiem

Twoja historia wyników

Nie rozwiązałeś tego quizu